000 00262nam a22000977a 4500
999 _c10464
_d10464
008 180217b ||||| |||| 00| 0 eng d
020 _a9788181372116
100 _aSachdeva, P
_96362
245 _aComputer class - VIII
260 _aNew Delhi
_bRachna Publication
_c2013